| 000 | 00429nam a2200157Ia 4500 | ||
|---|---|---|---|
| 008 | 240729s9999 xx 000 0 und d | ||
| 022 | _a2577-8439 | ||
| 245 | 0 | _aNortheast Journal of Complex Systems | |
| 260 | _aUnited States | ||
| 260 | _bBinghamton University Library | ||
| 650 | _a Mathematics | ||
| 650 | _aScience | ||
| 856 | _uhttps://doaj.org/toc/855de0c792924532a3d9e2ccf1cbe9ae | ||
| 942 | _2ddc | ||
| 942 | _cDOAJEJ | ||
| 999 |
_c73483 _d73483 |
||
| 945 |
_a1 _bMadushi Gamage _c1 _dMadushi Gamage |
||